| 000 | 00676nam a22001937a 4500 | ||
|---|---|---|---|
| 003 | OSt | ||
| 005 | 20210317063418.0 | ||
| 008 | 210312s1985 ||||| |||| 00| 0 eng d | ||
| 040 |
_aeng _beng _cDLC |
||
| 041 | _aeng | ||
| 080 |
_a811-3 _bC-73 |
||
| 110 |
_91399 _aOxford University Press |
||
| 245 |
_aThe Compact Edition of the Oxford English Dictionary / Volume I A-O _b: Complete Text Reproduced Micrographically _c/ by: Oxford University Press |
||
| 260 |
_aNew York _bOxford University Press _c1985 |
||
| 300 | _a2 Volumes: Vol 1. - 2048 p. Vol 2. - 2068 p. Both Volumes - 4116 p. | ||
| 650 | 0 |
_9452 _aDictionary |
|
| 653 | _aლექსიკონი | ||
| 942 |
_2udc _cBK |
||
| 999 |
_c2186 _d2186 |
||